000 00355nam a2200133Ia 4500
008 240624s9999 xx 000 0 und d
041 _aeng
082 _a647.94 TIW
100 _aTEWARI JATASHANKAR R
245 _aHOTEL FRONT OFFICE OPERATIONS AND MANAGE
260 _c2009
_aNew Delhi
_bOxford
300 _axii, : 451 : p. : cm. ; 26
365 _cRS
_b31
999 _c25001
_d25001